Responses for Show #7907 - Tuesday, January 15, 2019

Anneke Garcia game 4.

Contestants

[<< previous game]

Evan Beals, a salesman from Grand Rapids, Michigan

Kathleen Guess, a children's librarian from Marion, Kentucky

Anneke Garcia, an instructional design consultant from Salt Lake City, Utah (whose 3-day cash winnings total $64,502)

[next game >>]

Jeopardy! Round responses

TREATIES
MOVIE VOCATIONS
SEND ME A LETTER
EDIBLE COMMON BONDS
"ITS" FINAL
A VISIT TO SKANSEN
(Jimmy: A tour through 500 years of Swedish life and history from the world's first open-air museum.)
    $200 6
Turkey

Anneke
    $200 1
professor

Evan
    $200 26
a C

Evan
    $200 16
melons

Anneke
    $200 21
audits

Kathleen
    $200 11
nomadic

Evan
    $400 7
the Hundred Years' War

Evan
    $400 2
singer

Anneke
    $400 27
a W

Kathleen
    $400 17
a grape

Evan
    $400 22
armpits

Evan
    $400 12
Genesis and Exodus

Evan
    $1,600 8
Uruguay

Evan
    $600 3
driver

Anneke
    $600 28
S

Anneke
    $600 18
apples

Anneke
    $600 23
limits

Kathleen
    $600 13
a wedding

Kathleen
    $800 9
Charlemagne

Evan
    $800 4
cop

Kathleen
    $800 29
(Anneke: What is G?)

E

AnnekeEvan
    $800 19
potatoes

Anneke
    $800 24
circuits

Anneke
    $800 14
sod

Anneke
    $1000 10
Ghent

Evan
    $1000 5
doctor

Evan
    $1000 30
(Anneke: What is Y?)

X

AnnekeEvan
    $1000 20
figs

Anneke
    $1000 25
quits

Kathleen
    $1000 15
tinctures

Anneke

Scores at the first commercial break (after clue 15):

Anneke Kathleen Evan
$3,000 $1,400 $5,600

Scores at the end of the Jeopardy! Round:

Anneke Kathleen Evan
$5,200 $3,600 $8,400

Double Jeopardy! Round responses

WOMEN WRITERS
CLASSIC ALBUMS
SHAPELY ADJECTIVES
"WEST" WORLD
THE HUNTER
HOME FROM THE HILL
    $400 1
the Pulitzer

Kathleen
    $400 6
Nevermind

Anneke
    $400 11
a fish

Evan
    $400 16
the Northwest Passage

Evan
    $400 21
poaching

Anneke
    $400 26
Elizabeth Warren

Anneke
    $800 2
Nora Ephron

Kathleen
    $800 7
Beyoncé

Anneke
    $800 12
a (bee) hive

Anneke
    $800 17
Westchester

Kathleen
    $800 22
a permit

Anneke
    $800 27
Nevada

Anneke
    $1200 3
Harriet Beecher Stowe

Triple Stumper
    $1200 8
Brian Wilson

Anneke
    $1200 13
convex

Kathleen
    $1200 18
Westminster

Kathleen
    $1200 23
duck calls

Kathleen
    $1200 28
(Evan: Who is Goodall?)

Goodell

KathleenEvan
    $1600 4
(Evan: What is Atlas Shrugged?)

The Fountainhead

KathleenEvan
    $1600 9
Janis Joplin

Kathleen
    $1600 14
a bell

Anneke
    $3,000 19
Western Australia

Kathleen
    $1600 24
fox hunting

Anneke
    $1600 29
Harry Truman

Evan
    $2,500 5
(Alex: And her husband was Ted Hughes.)

Sylvia Plath

Kathleen
    $2000 10
The Velvet Underground

Anneke
    $2000 15
bulbous

Anneke
    $2000 20
Westphalia

Anneke
    $2000 25
a blind

Evan
    $2000 30
(Russ) Feingold

Kathleen

Scores at the end of the Double Jeopardy! Round:

Anneke Kathleen Evan
$20,000 $21,100 $10,000

[wagering suggestions for these scores]

Final Jeopardy! Round responses

PRESIDENTIAL QUOTES
(Alex: It was in a radio address in February of 1931.)
...
(Alex: [To Evan] He was defeated by FDR one year later.)
EvanWho is Hoover
$0
AnnekeWho is Herbert Hoover?
$19,995
KathleenWho is F. D. Roosevelt?
$20,013
Herbert Hoover

Final scores:

Anneke Kathleen Evan
$39,995 $1,087 $10,000
4-day champion: $104,497 3rd place: $1,000 2nd place: $2,000

Game dynamics:

Coryat scores:

Anneke Kathleen Evan
$20,000 $19,200 $9,000
24 R,
2 W
18 R
(including 2 DDs),
0 W
17 R
(including 1 DD),
2 W

Combined Coryat: $48,200

[game clues] [game scores] [suggest correction]

Game tape date: 2018-11-27
The J! Archive is created by fans, for fans. Scraping, republication, monetization, and malicious use prohibited; this site may use cookies and collect identifying information. See terms. The Jeopardy! game show and all elements thereof, including but not limited to copyright and trademark thereto, are the property of Jeopardy Productions, Inc. and are protected under law. This website is not affiliated with, sponsored by, or operated by Jeopardy Productions, Inc. Join the discussion at JBoard.tv.